000 01773nam a22004337a 4500
003 CHAP
005 20220329143719.0
008 110329s2011 mx r 00010 spa d
010 _a100773
011 _a101745
035 _a112433
040 _cCHAP
090 _aTesis
100 1 _aSánchez Vázquez, Hernán Erik.
_9107930
245 1 0 _aEstación de crecimiento y variabilidad de la precipitación dentro de ésta, en el Estado de México
_h[En línea]
_c/por Hernán Erik Sánchez Vázquez y Everardo Chávez Santiago
260 _aChapingo, Méx. :
_bEl autor,
_c2011
500 _aPara ver el contenido del material haga clic en la liga
502 _aTesis (Ing. en Irrigación) -- UACH. Departamento de Irrigación
590 _aALEPH
_b10
_c20130110
_lUCH01
_h1540
590 _aBATCH-UPD
_b10
_c20130110
_lUCH01
_h1034
590 _aBATCH-UPD
_b10
_c20130410
_lUCH01
_h0636
590 _aBATCH-UPD
_b10
_c20130913
_lUCH01
_h2156
590 _aBATCH-UPD
_b10
_c20140324
_lUCH01
_h1524
590 _aBATCH-UPD
_b10
_c20141002
_lUCH01
_h0848
590 _aBATCH
_b00
_c20181121
_lUCH01
_h0759
590 _aCONVERSION
_b10
_c20130109
_lUCH01
_h1356
650 1 4 _aAgricultura de temporal.
_91999
650 1 4 _aBalance hídrico.
_99602
650 1 4 _aEstaciones meteorológicas
_xMéxico (Edo.)
_938200
650 1 4 _aLluvia
_xMéxico (Edo.)
_967329
650 1 4 _aPrecipitación (Meteorología)
_xMéxico (Edo.)
_991354
700 1 _aChávez Santiago, Everardo.
_922777
856 _3Finding aid
_uhttp://10.13.5.2/tesis/112433.pdf
_zTeclea aqui
856 _a1
_n0001584
901 _aBK
942 _cFOLL
949 _aTesis
_bBC
_cTES
_d33724002259215
_eTS1
_gDonaciØn
_h52126
_i112433
_st
949 _aTesis
_bBC
_cTES
_d33724002259983
_eTS2
_fc.2
_gDonaciØn
_h52127
_i112433
_st
999 _c100773
_d100773